LEADER 00998nam--2200337---450 001 990001480290203316 005 20200421085807.0 035 $a000148029 035 $aUSA01000148029 035 $a(ALEPH)000148029USA01 035 $a000148029 100 $a20040305d1977----km-y0itay0103----ba 101 0 $aita 102 $aIT 105 $aa---||||001yy 200 1 $aDisegni di Goethe in Italia$fcatalogo a cura di Gerhard Femmel$gintroduzione di Luigi Magnani 210 $aVenezia$cNeri Pozza$d1977 215 $a78 p., [30] carte di tav.$cill.$d22 cm 225 2 $aCataloghi di mostre$v39 410 0$12001$aCataloghi di mostre 600 1$aGoethe,$bJohann Wolfgang : von$2BNCF 676 $a741.943 702 1$aFEMMEL,$bGerhard 702 1$aMAGNANI,$bLuigi 801 0$aIT$bsalbc$gISBD 912 $a990001480290203316 951 $aXVII A. 656$b1285 DLAS$cXVII A.$d00345997 959 $aBK 969 $aCAS 996 $aDisegni di Goethe in Italia$9933993 997 $aUNISA LEADER 01417nls 2200277-a 450 001 996365144803316 005 20201201093929.0 011 $a1824-7601 100 $a20050622a20049999 --- - 101 0 $aita 102 $aIT 110 0 $aaka 200 1 $aStudi slavistici 207 0$a2004 210 1 $aFirenze$cFirenze University Press$d2004- 326 $aAnnuale 330 $aStudi Slavistici è la rivista dell'Associazione Italiana Slavisti (A.I.S.). Pubblica articoli accademici, ricerche e recensioni di libri e saggi informativi. Il suo scopo principale è promuovere la ricerca slava specializzata e rendere disponibili informazioni di qualità a un pubblico più ampio di lettori e utenti di Internet. La rivista funge anche da ponte tra la tradizione accademica degli studi slavi italiani ed europei e le ultime tendenze culturali in varie materie slave. Particolare attenzione è dedicata alla letteratura, alle lingue, alla cultura e alle varie forme d'arte di tutti i paesi slavi, ma anche agli approcci interdisciplinari nella metodologia, nelle relazioni letterarie, linguistiche e culturali inter-slave e slavo-europee. 606 0 $aSlavistica$xPeriodici$2BNCF 676 $a491.805 712 01$aAssociazione italiana degli slavisti. 801 $aIT$bcba$gREICAT 912 $a996365144803316 959 $aEJ 969 $aER 996 $aStudi slavistici$91293201 997 $aUNISA